000 00704nam a22001337a 4500
040 _cRUA
082 _aAGR THU 2017 B644 Or.1
100 _aTHUCH SAPEN ធុច សាផែន
245 _autilization of organic mulching on celery cabbage ( Brassica compestris) at royal university ofagriculture ការប្រើប្រាស់គម្របសរីរាង្គលើដំណាំស្ពៃចង្កិះនៅសាកលវិទ្យាល័យភូមិន្ទកសិកម្ម
260 _aRUA
_bphnom penh
_c2017
300 _aviii;24p
_bill;
_c29cm
856 _uhttps://drive.google.com/file/d/1bw5eIbGqhsOyWz-O-pGyo7ZsU7XF906h/view?usp=sharing
942 _cAGR
999 _c18184
_d18184